|
|
|
|
| LEADER |
00000nam0a2200000 4500 |
| 001 |
214418 |
| 005 |
20231101225903.0 |
| 010 |
|
|
|a 9785383006481
|
| 035 |
|
|
|a (RuTPU)RU\TPU\book\234288
|
| 090 |
|
|
|a 214418
|
| 100 |
|
|
|a 20120424d2012 km y0rusy50 ca
|
| 101 |
0 |
|
|a rus
|
| 102 |
|
|
|a RU
|
| 105 |
|
|
|a a g 001zy
|
| 200 |
1 |
|
|a Радиационная стойкость минеральных и полимерных строительных материалов
|e справочное пособие
|f А. В. Денисов, В. Б. Дубровский, В. Н. Соловьев
|
| 210 |
|
|
|a Москва
|c Изд-во МЭИ
|d 2012
|
| 215 |
|
|
|a 384 с.
|c ил.
|
| 300 |
|
|
|a Победитель общероссийского Конкурса рукописей учебной и учебно-справочной литературы по атомной энергетике 2010 г.
|
| 320 |
|
|
|a Библиогр.: с. 342-357.
|
| 330 |
|
|
|a Приведены результаты обзора и обобщения экспериментальных и расчетнотеоретических исследований, а также закономерностей и методов аналитического определения (расчета и прогнозирования) радиационных изменений структуры, размеров и объема, физических свойств минеральных строительных материалов (бетонов, растворов и их составляющих — минералов, горных пород и вяжущих веществ), а также полимерных строительных материалов (пластмасс, каучуков, резины и композиций на их основе — полимербетонов, полимеррастворов, поли-мерцементных материалов). Данные авторов и других исследователей представлены в виде таблиц, графиков, обобщений, выявленных закономерностей радиационных изменений от величины радиационных нагрузок, условий облучения, состава и структуры материалов, а также в виде описания разработанных авторами методов аналитического определения(прогнозирования)радиационных изменений. Справочное пособие предназначено для студентов вузов, аспирантов, инженерно-технических и научных сотрудников, специализирующихся в области проектирования, строительства, эксплуатации и вывода из эксплуатации ядерных установок, а также в области радиационной и экологической безопасности.
|
| 606 |
1 |
|
|a Строительные материалы
|x Радиационная стойкость
|2 stltpush
|3 (RuTPU)RU\TPU\subj\57508
|9 75368
|
| 610 |
1 |
|
|a строительство
|
| 610 |
1 |
|
|a радиационные эффекты
|
| 610 |
1 |
|
|a минералы
|
| 610 |
1 |
|
|a структура
|
| 610 |
1 |
|
|a свойства
|
| 610 |
1 |
|
|a радиационные изменения
|
| 610 |
1 |
|
|a горные породы
|
| 610 |
1 |
|
|a строительная керамика
|
| 610 |
1 |
|
|a минеральные вяжущие вещества
|
| 610 |
1 |
|
|a строительные растворы
|
| 610 |
1 |
|
|a бетоны
|
| 610 |
1 |
|
|a полиэтилен
|
| 610 |
1 |
|
|a полимерцементные составы
|
| 610 |
1 |
|
|a бетонополимерные композиции
|
| 610 |
1 |
|
|a пресс-материалы
|
| 610 |
1 |
|
|a слоистые пластики
|
| 610 |
1 |
|
|a каучуки
|
| 610 |
1 |
|
|a резины
|
| 610 |
1 |
|
|a справочники
|
| 675 |
|
|
|a 691:699.8(035)
|v 3
|
| 700 |
|
1 |
|a Денисов
|b А. В.
|g Александр Викторович
|
| 701 |
|
1 |
|a Дубровский
|b В. Б.
|g Виталий Борисович
|
| 701 |
|
1 |
|a Соловьев
|b В. Н.
|g Виталий Николаевич
|
| 801 |
|
1 |
|a RU
|b 63413507
|c 20120424
|
| 801 |
|
2 |
|a RU
|b 63413507
|c 20150709
|g RCR
|
| 942 |
|
|
|c BK
|
| 959 |
|
|
|a 65/20120423
|d 2
|e 550,00
|f ЧЗТЛ:1
|f АНЛ:1
|
| 959 |
|
|
|a 55/20130319
|d 3
|e 550,00
|f УФ:3
|